[Event "4th Essent op"]
[Site "Hoogeveen NED"]
[Date "2000.10.13"]
[Round "1.2"]
[White "Ulybin, Mikhail"]
[Black "Pel, Bonno"]
[Result "1-0"]
[WhiteElo "2583"]
[BlackElo "2300"]
[EventDate "2000.10.13"]
[PlyCount "69"]

1.e4 d6 2.d4 Nf6 3.Nc3 g6 4.Bg5 c6 5.Qd2 b5 6.Bd3 Nbd7 7.f4 Bg7 8.e5 b4 9.
Nce2 Nd5 10.exd6 f6 11.dxe7 Qxe7 12.Bh4 Ne3 13.Bf2 Ng4 14.Nf3 Nb6 15.Bg1 
Be6 16.h3 Nh6 17.Bf2 Bd5 18.O-O Bxf3 19.gxf3 O-O 20.f5 Nxf5 21.Bxf5 gxf5 
22.Ng3 Nd5 23.Nxf5 Qd7 24.Qd3 Nf4 25.Qe4 Nxh3+ 26.Kh2 Ng5 27.Qg4 Rf7 28.
Rae1 Kh8 29.Bh4 h6 30.f4 Nh7 31.Rg1 Rd8 32.Qg6 Nf8 33.Qh5 Nh7 34.Re3 Qc7 
35.Reg3 1-0

[Event "4th Essent op"]
[Site "Hoogeveen NED"]
[Date "2000.10.13"]
[Round "1.3"]
[White "Van Kooten, Luuk"]
[Black "Epishin, Vladimir"]
[Result "0-1"]
[WhiteElo "2292"]
[BlackElo "2567"]
[EventDate "2000.10.13"]
[PlyCount "76"]

1.d4 Nf6 2.c4 g6 3.Nc3 d5 4.Nf3 Bg7 5.Bg5 Ne4 6.cxd5 Nxg5 7.Nxg5 e6 8.Nf3 
exd5 9.e3 a5 10.Be2 O-O 11.O-O c6 12.Rc1 Nd7 13.Ne1 Re8 14.Nd3 Bf8 15.a3 
Bd6 16.g3 h5 17.Bf3 Nf6 18.Bg2 h4 19.Re1 Bf5 20.Nc5 Qe7 21.Qd2 hxg3 22.
hxg3 Bxc5 23.dxc5 Rad8 24.Ne2 Ne4 25.Qd4 Ng5 26.Qc3 Be4 27.Nd4 Qc7 28.b3 
Rd7 29.Kh2 f5 30.Bxe4 fxe4 31.Kg2 Rf8 32.Rh1 Rh7 33.Ne2 Qd7 34.Nf4 Qg4 35.
Rxh7 Qf3+ 36.Kg1 Kxh7 37.Qe5 Rf5 38.Rf1 Rxe5 0-1

[Event "4th Essent op"]
[Site "Hoogeveen NED"]
[Date "2000.10.13"]
[Round "1.4"]
[White "Dvoirys, Semen I"]
[Black "De Jong, Migchiel"]
[Result "1/2-1/2"]
[WhiteElo "2562"]
[BlackElo "2276"]
[EventDate "2000.10.13"]
[PlyCount "105"]

1.e4 e6 2.d4 d5 3.e5 c5 4.c3 Qb6 5.Nf3 Bd7 6.Nbd2 cxd4 7.Nxd4 Nc6 8.N2f3 
Nxd4 9.Nxd4 Ne7 10.Bd3 Nc6 11.Nf3 d4 12.O-O dxc3 13.bxc3 Be7 14.Qe2 h6 15.
a4 Qc7 16.Qe4 Rc8 17.Be3 Na5 18.Rab1 b6 19.Qg4 Kf8 20.Rfd1 Be8 21.Ba6 Rd8 
22.Rxd8 Bxd8 23.h4 g6 24.h5 g5 25.Rd1 Be7 26.Rd3 Nb3 27.Bb5 Bxb5 28.axb5 
Nc5 29.Rd4 Rg8 30.Rc4 Qd7 31.Nd4 a6 32.bxa6 Nxa6 33.Nc6 Bc5 34.Bxc5+ Nxc5 
35.Qf3 g4 36.Qf6 Qxc6 37.Rd4 Nb7 38.Qxh6+ Ke8 39.Qh7 Kf8 40.Qh6+ Ke8 41.
Qe3 Rh8 42.h6 Qb5 43.Rxg4 Qb1+ 44.Kh2 Nc5 45.Rh4 Qd3 46.Qg5 Qg6 47.Qe3 Kf8
48.Qd2 Ke8 49.g3 Ne4 50.Qe3 Ng5 51.Qxb6 Nf3+ 52.Kh1 Nxh4 53.Qb8+ 1/2-1/2

[Event "4th Essent op"]
[Site "Hoogeveen NED"]
[Date "2000.10.13"]
[Round "1.6"]
[White "Kharitonov, Andrei Y"]
[Black "Markus, John Raymond"]
[Result "1-0"]
[WhiteElo "2539"]
[BlackElo "2238"]
[EventDate "2000.10.13"]
[PlyCount "71"]

1.d4 Nf6 2.Nf3 c5 3.d5 b5 4.Bg5 Ne4 5.Bh4 g6 6.Nbd2 Nxd2 7.Qxd2 Qb6 8.e4 
Bg7 9.c3 Bb7 10.Bd3 e6 11.dxe6 fxe6 12.Qf4 Nc6 13.O-O c4 14.Bc2 Qc5 15.
Rad1 Ne5 16.Nxe5 Qxe5 17.Qe3 Bc6 18.Bg3 Qh5 19.Bd6 Be5 20.Bxe5 Qxe5 21.f4 
Qc7 22.e5 Qb7 23.Qg3 O-O-O 24.Rd4 Rdf8 25.Re1 Rf7 26.Be4 Rhf8 27.Bxc6 Qxc6
28.h3 Rf5 29.a4 a6 30.axb5 axb5 31.Qe3 g5 32.Rd6 Qb7 33.Ra1 gxf4 34.Qc5+ 
Kd8 35.Rda6 f3 36.Ra8+ 1-0

[Event "4th Essent op"]
[Site "Hoogeveen NED"]
[Date "2000.10.13"]
[Round "1.7"]
[White "Van Otten, Gerard J"]
[Black "Mikhalevski, Victor"]
[Result "0-1"]
[WhiteElo "2226"]
[BlackElo "2532"]
[EventDate "2000.10.13"]
[PlyCount "52"]

1.e4 e5 2.Nf3 Nc6 3.Bb5 a6 4.Ba4 Nf6 5.O-O Nxe4 6.d4 b5 7.Bb3 d5 8.dxe5 
Be6 9.Nbd2 Nc5 10.c3 Bg4 11.Re1 Be7 12.Bc2 O-O 13.Nf1 d4 14.h3 Bh5 15.Ng3 
Bxf3 16.Qxf3 d3 17.Qxc6 dxc2 18.Nf5 Nd3 19.Re4 Bg5 20.Rd4 Nxc1 21.Rxc1 
Bxc1 22.Rxd8 Bf4 23.Ne7+ Kh8 24.Rxf8+ Rxf8 25.g3 c1=Q+ 26.Kg2 Bxe5 0-1

[Event "4th Essent op"]
[Site "Hoogeveen NED"]
[Date "2000.10.13"]
[Round "1.8"]
[White "Van der Wiel, John"]
[Black "Shklovski, Vladislav"]
[Result "1-0"]
[WhiteElo "2531"]
[BlackElo "2220"]
[EventDate "2000.10.13"]
[PlyCount "123"]

1.e4 c5 2.Nf3 Nc6 3.d4 cxd4 4.Nxd4 Nf6 5.Nc3 d6 6.Bc4 e6 7.Be3 Be7 8.Bb3 
a6 9.f4 O-O 10.O-O Qc7 11.f5 Nxd4 12.Qxd4 Ng4 13.Qb6 Bd8 14.Qxc7 Bxc7 15.
Bd4 Bd7 16.Rad1 b5 17.h3 Nf6 18.Bxf6 gxf6 19.Ne2 exf5 20.exf5 d5 21.Nf4 d4
22.c3 d3 23.Nd5 Be5 24.Rxd3 Ra7 25.Ne3 Kg7 26.Rfd1 Bc6 27.Bd5 Rc8 28.Ng4 
Bb8 29.Bxc6 Rxc6 30.Rd8 Bc7 31.R8d5 Rb7 32.a3 a5 33.R1d3 b4 34.axb4 axb4 
35.Ne3 Be5 36.cxb4 Rxb4 37.b3 Rc1+ 38.Kf2 Rb1 39.Nc4 Bb8 40.Nd2 Rb2 41.g3 
Be5 42.Kf3 h6 43.Rd8 h5 44.Rc8 Rd4 45.Rxd4 Bxd4 46.Ke2 Be5 47.Kd3 Kh6 48.
Rc2 Rxc2 49.Kxc2 Kg5 50.Kd3 Kxf5 51.Nf1 Ke6 52.Ke4 f5+ 53.Kf3 Kd5 54.Ne3+ 
Kc5 55.Nxf5 Kb4 56.Nh6 f6 57.Nf5 Kxb3 58.Ng7 Kc4 59.Nxh5 f5 60.Nf4 Kd4 61.
Ng6 Bd6 62.h4 1-0

[Event "4th Essent op"]
[Site "Hoogeveen NED"]
[Date "2000.10.13"]
[Round "1.10"]
[White "Archangelsky, Mikhail"]
[Black "Rooda, Kai P"]
[Result "1/2-1/2"]
[WhiteElo "2430"]
[BlackElo "2202"]
[EventDate "2000.10.13"]
[PlyCount "100"]

1.f4 f5 2.Nf3 Nf6 3.g3 d5 4.Bg2 e6 5.O-O Bd6 6.d3 O-O 7.Nc3 c6 8.Kh1 Bb4 
9.e3 Bd7 10.Bd2 Be8 11.a3 Ba5 12.Ng5 Bf7 13.Qe1 Bb6 14.e4 Nbd7 15.Bh3 g6 
16.e5 Ne8 17.Na4 h6 18.Nf3 Rc8 19.d4 c5 20.Nxb6 axb6 21.Qe2 Ng7 22.Rac1 
Nb8 23.Be3 Be8 24.Bg2 Qe7 25.c4 dxc4 26.Qxc4 b5 27.Qe2 c4 28.Rfd1 Bc6 29.
Qd2 Na6 30.Nh4 Kh7 31.Qa5 Qc7 32.Qxc7 Nxc7 33.Bd2 Nd5 34.Bxd5 Bxd5+ 35.Kg1
Rfd8 36.Kf2 Be4 37.Bb4 b6 38.Ke3 Rd7 39.Rd2 Rcd8 40.a4 Bd3 41.axb5 Rxd4 
42.Ra1 R4d5 43.Ra7 R8d7 44.Rxd7 Rxd7 45.Nf3 Kg8 46.b3 Rd5 47.bxc4 Bxc4 48.
Rxd5 exd5 49.Nd4 Kf7 50.Bd6 Ne6 1/2-1/2

[Event "4th Essent op"]
[Site "Hoogeveen NED"]
[Date "2000.10.13"]
[Round "1.11"]
[White "Timmermans, Ivo"]
[Black "Jonkman, Harmen"]
[Result "0-1"]
[WhiteElo "2200"]
[BlackElo "2424"]
[EventDate "2000.10.13"]
[PlyCount "76"]

1.c4 Nf6 2.Nc3 e6 3.d4 d5 4.Bg5 Bb4 5.Nf3 dxc4 6.e4 c5 7.Bxc4 cxd4 8.Nxd4 
Bxc3+ 9.bxc3 Qa5 10.Bb5+ Nbd7 11.Bxf6 Qxc3+ 12.Kf1 gxf6 13.h4 Qb4 14.Rb1 
Qd6 15.Rh3 a6 16.Rd3 axb5 17.Nxb5 Qh2 18.Nd6+ Ke7 19.Nxc8+ Rhxc8 20.Rxd7+ 
Ke8 21.Rbxb7 Qh1+ 22.Ke2 Rxa2+ 23.Rd2 Qxg2 24.Ke3 Rc3+ 25.Kd4 Rxd2+ 26.
Qxd2 Rc4+ 27.Kxc4 Qxe4+ 28.Qd4 Qxb7 29.Qxf6 Qd5+ 30.Kc3 h5 31.Kb2 Qd1 32.
Qf4 Qg4 33.Qf6 Qg6 34.Qd4 Kf8 35.Kc1 Qg4 36.Qf6 Qg6 37.Qd8+ Kg7 38.Kd1 Qf6
0-1

[Event "4th Essent op"]
[Site "Hoogeveen NED"]
[Date "2000.10.13"]
[Round "1.13"]
[White "Hendriks, Richard V"]
[Black "Hommeles, Theo"]
[Result "0-1"]
[WhiteElo "2098"]
[BlackElo "2409"]
[EventDate "2000.10.13"]
[PlyCount "44"]

1.e4 g6 2.d4 Bg7 3.Nc3 c6 4.Bc4 b5 5.Bb3 a5 6.a3 Ba6 7.Qf3 e6 8.Nge2 b4 9.
Nd1 a4 10.Ba2 bxa3 11.e5 axb2 12.Bxb2 d5 13.h4 Nd7 14.Ne3 Qa5+ 15.c3 Rb8 
16.Nd1 Ne7 17.Kf1 c5 18.Bc1 cxd4 19.cxd4 Nf5 20.Be3 f6 21.exf6 Bxf6 22.Kg1
Qe1+ 0-1

[Event "4th Essent op"]
[Site "Hoogeveen NED"]
[Date "2000.10.13"]
[Round "1.16"]
[White "Aagaard, Jacob"]
[Black "De Weerd, Warner"]
[Result "1-0"]
[WhiteElo "2389"]
[BlackElo "2071"]
[EventDate "2000.10.13"]
[PlyCount "73"]

1.e4 Nc6 2.Bb5 Nf6 3.d3 g6 4.Nf3 Bg7 5.Nc3 O-O 6.Bg5 a6 7.Bxc6 bxc6 8.Qd2 
Re8 9.Bh6 Bh8 10.O-O-O d6 11.h4 Bg4 12.Rdg1 Qb8 13.Ng5 Qb4 14.a3 Qa5 15.f3
Reb8 16.Nd1 Qxd2+ 17.Kxd2 Bd7 18.b3 c5 19.Ne3 c6 20.g4 Ne8 21.f4 Bd4 22.
Nf3 Nf6 23.f5 d5 24.e5 Bxe3+ 25.Bxe3 d4 26.Bxd4 cxd4 27.exf6 exf6 28.Nxd4 
c5 29.Ne2 Re8 30.Nf4 Re5 31.fxg6 fxg6 32.g5 fxg5 33.Rxg5 Rxg5 34.hxg5 Rf8 
35.Nd5 Rf2+ 36.Ke3 Rxc2 37.Nf6+ 1-0

[Event "4th Essent op"]
[Site "Hoogeveen NED"]
[Date "2000.10.14"]
[Round "2.1"]
[White "Hommeles, Theo"]
[Black "Ulybin, Mikhail"]
[Result "0-1"]
[WhiteElo "2409"]
[BlackElo "2583"]
[EventDate "2000.10.13"]
[PlyCount "56"]

1.e4 c5 2.Nf3 e6 3.d4 cxd4 4.Nxd4 Nf6 5.Nc3 d6 6.g4 h6 7.Rg1 Be7 8.Be3 a6 
9.Qe2 b5 10.a3 Bb7 11.Bg2 Nfd7 12.O-O-O Ne5 13.f4 Nc4 14.Bf2 Nd7 15.h4 g5 
16.fxg5 hxg5 17.e5 Bxg2 18.exd6 Bxd6 19.Rxg2 gxh4 20.Bg1 h3 21.Rf2 Qe7 22.
Nc6 Qg5+ 23.Kb1 Nf6 24.Rxf6 Qxf6 25.Bd4 Qh4 26.Bxh8 Qxh8 27.Qf3 h2 28.g5 
Nd2+ 0-1

[Event "4th Essent op"]
[Site "Hoogeveen NED"]
[Date "2000.10.14"]
[Round "2.3"]
[White "Dzhakaev, Dzhakay"]
[Black "Kharitonov, Andrei Y"]
[Result "0-1"]
[WhiteElo "2403"]
[BlackElo "2539"]
[EventDate "2000.10.13"]
[PlyCount "111"]

1.e4 c6 2.d4 d5 3.Nd2 dxe4 4.Nxe4 Bf5 5.Ng3 Bg6 6.h4 h6 7.Nf3 Nd7 8.h5 Bh7
9.Bd3 Bxd3 10.Qxd3 Ngf6 11.Bd2 e6 12.O-O-O Qc7 13.Ne4 O-O-O 14.g3 Nxe4 15.
Qxe4 Nf6 16.Qe2 Bd6 17.Kb1 Rhe8 18.c4 c5 19.Bc3 cxd4 20.Nxd4 a6 21.Nb3 Qc6
22.Rhe1 Bc7 23.Nd2 e5 24.g4 Rd7 25.Rc1 Red8 26.Nf1 e4 27.Rc2 Bf4 28.a3 Re8
29.Ne3 Bxe3 30.Qxe3 Nxg4 31.Qa7 Qc7 32.f3 Nf6 33.Rce2 Rde7 34.Bxf6 gxf6 
35.Rxe4 Rxe4 36.fxe4 Qc6 37.Qd4 Re5 38.Ka1 Qd7 39.Qa7 Rxh5 40.c5 Re5 41.
Rc1 Re6 42.Qa8+ Kc7 43.Qf8 h5 44.Qh6 Rxe4 45.Qxh5 Qe6 46.Qf3 Qe5 47.Qb3 
Re1 48.Qxf7+ Kc6 49.Rxe1 Qxe1+ 50.Ka2 Qe5 51.Qf8 Qd5+ 52.b3 f5 53.Qc8+ Kb5
54.Qc7 Qg2+ 55.Ka1 Qc6 56.Qf7 0-1

[Event "4th Essent op"]
[Site "Hoogeveen NED"]
[Date "2000.10.14"]
[Round "2.4"]
[White "Mikhalevski, Victor"]
[Black "Peng, Zhaoqin"]
[Result "1-0"]
[WhiteElo "2532"]
[BlackElo "2403"]
[EventDate "2000.10.13"]
[PlyCount "49"]

1.d4 d5 2.c4 dxc4 3.e3 Nf6 4.Bxc4 e6 5.Nf3 c5 6.O-O Nc6 7.Qe2 cxd4 8.Rd1 
Be7 9.Nc3 O-O 10.Nxd4 Nxd4 11.exd4 Nd5 12.Qf3 Nxc3 13.bxc3 Qc7 14.Bb3 Bd6 
15.c4 Qe7 16.c5 Bc7 17.Ba3 Rb8 18.Rac1 Re8 19.g3 Qg5 20.c6 Qa5 21.Bb2 Qb6 
22.d5 exd5 23.Bd4 Qa5 24.Bxd5 Be6 25.Bxe6 1-0

[Event "4th Essent op"]
[Site "Hoogeveen NED"]
[Date "2000.10.14"]
[Round "2.5"]
[White "Ernst, Sipke"]
[Black "Van der Wiel, John"]
[Result "1/2-1/2"]
[WhiteElo "2373"]
[BlackElo "2531"]
[EventDate "2000.10.13"]
[PlyCount "39"]

1.d4 d6 2.Nf3 Bg4 3.e4 Nf6 4.Nbd2 e6 5.c3 Be7 6.Bd3 Nbd7 7.O-O Bh5 8.Re1 
Bg6 9.Nh4 d5 10.Nxg6 hxg6 11.exd5 Nxd5 12.Qf3 c6 13.g3 Qc7 14.Ne4 Nf8 15.
a3 Qd7 16.Bd2 Nf6 17.Ng5 N8h7 18.h4 Nxg5 19.hxg5 Qd5 20.Qxd5 1/2-1/2

[Event "4th Essent op"]
[Site "Hoogeveen NED"]
[Date "2000.10.14"]
[Round "2.8"]
[White "Tiviakov, Sergei"]
[Black "Vogel, Jaap"]
[Result "1-0"]
[WhiteElo "2608"]
[BlackElo "2272"]
[EventDate "2000.10.13"]
[PlyCount "65"]

1.e4 e6 2.d4 d5 3.Nd2 Nf6 4.e5 Nfd7 5.Bd3 c5 6.c3 Nc6 7.Ne2 a5 8.O-O cxd4 
9.cxd4 Nb6 10.f4 g6 11.Nf3 h5 12.a3 a4 13.Bc2 Bd7 14.Ng5 Ne7 15.Rf3 Bh6 
16.Nc3 Bc6 17.Rb1 Qd7 18.Be3 Bxg5 19.fxg5 Nc4 20.Bf2 Nf5 21.Na2 O-O 22.h3 
Qe7 23.Qc1 h4 24.Qf4 Kg7 25.Bxh4 Rh8 26.Bf2 Rh5 27.h4 Rah8 28.Rh3 R5h7 29.
Nb4 Nb6 30.Bd3 Qd8 31.Rc1 Bd7 32.Kh2 Kg8 33.Rh1 1-0

[Event "4th Essent op"]
[Site "Hoogeveen NED"]
[Date "2000.10.14"]
[Round "2.9"]
[White "Rooda, Kai P"]
[Black "Dvoirys, Semen I"]
[Result "0-1"]
[WhiteElo "2202"]
[BlackElo "2562"]
[EventDate "2000.10.13"]
[PlyCount "102"]

1.d4 Nf6 2.Nf3 g6 3.c4 Bg7 4.Nc3 d5 5.cxd5 Nxd5 6.e4 Nxc3 7.bxc3 c5 8.Be3 
Qa5 9.Qd2 O-O 10.Bc4 Nc6 11.Rb1 b6 12.Bd5 Bb7 13.O-O e6 14.Bxc6 Bxc6 15.
Qc2 cxd4 16.Nxd4 Rfc8 17.Rfc1 Ba4 18.Qd3 Rd8 19.Qc4 Rac8 20.Qb4 Qa6 21.Qa3
Bf8 22.Qb2 e5 23.Nb5 Bxb5 24.Qxb5 Qxb5 25.Rxb5 Rxc3 26.Ra1 f6 27.g3 Rc4 
28.a4 Bb4 29.a5 Bxa5 30.Rbxa5 bxa5 31.Rxa5 Rd7 32.Bxa7 Rxe4 33.Kg2 Kf7 34.
h4 h5 35.Be3 Rb4 36.Rc5 Ke6 37.Kf3 Rd5 38.Rc6+ Kf5 39.Rc8 e4+ 40.Kg2 Rb1 
41.Rc5 Rxc5 42.Bxc5 Rd1 43.Kh3 Rd3 44.Bb6 e3 45.fxe3 Ke4 46.Bc5 Rxe3 47.
Be7 Kf5 48.Bd6 g5 49.hxg5 fxg5 50.Bc7 g4+ 51.Kg2 Re2+ 0-1

[Event "4th Essent op"]
[Site "Hoogeveen NED"]
[Date "2000.10.14"]
[Round "2.10"]
[White "Gleizerov, Evgeny"]
[Black "Werle, Jan"]
[Result "0-1"]
[WhiteElo "2557"]
[BlackElo "2311"]
[EventDate "2000.10.13"]
[PlyCount "118"]

1.d4 Nf6 2.c4 e6 3.g3 d5 4.Bg2 dxc4 5.Nf3 Nc6 6.O-O Rb8 7.Nc3 b5 8.Ne5 
Nxe5 9.dxe5 Nd7 10.Bc6 a6 11.Qd4 Bb7 12.Bxb7 Rxb7 13.Rd1 c5 14.Qg4 Qc7 15.
Bf4 Qc6 16.f3 f5 17.exf6 Nxf6 18.Qg5 Be7 19.Qxg7 Rg8 20.Qh6 Rg6 21.Qh3 b4 
22.Nb1 Rd7 23.Nd2 c3 24.Nc4 cxb2 25.Nxb2 Rxd1+ 26.Rxd1 c4 27.Kf1 c3 28.Nd3
Qa4 29.Ra1 b3 30.Qxe6 b2 31.Qc8+ Kf7 32.Re1 Qxa2 33.Ne5+ Kg7 34.Qb7 Qe6 
35.e4 Rg5 36.Bxg5 Qxe5 37.Bxf6+ Qxf6 38.e5 Qf7 39.f4 Qc4+ 40.Kg2 Qb4 41.
Qd7 c2 42.Qg4+ Kh8 43.Qc8+ Bf8 44.Qxc2 Qxe1 45.Qxb2 Qe4+ 46.Kh3 Qf5+ 47.
Kg2 a5 48.Qb3 Qe4+ 49.Kh3 Qf5+ 50.Kg2 Qd7 51.e6 Qc6+ 52.Kh3 a4 53.Qe3 Qc5 
54.Qe4 a3 55.Qa8 Qh5+ 56.Kg2 Qe2+ 57.Kg1 Kg7 58.Qd5 Be7 59.Qd4+ Kh6 0-1

[Event "4th Essent op"]
[Site "Hoogeveen NED"]
[Date "2000.10.14"]
[Round "2.11"]
[White "De Jong, Migchiel"]
[Black "Archangelsky, Mikhail"]
[Result "1-0"]
[WhiteElo "2276"]
[BlackElo "2430"]
[EventDate "2000.10.13"]
[PlyCount "133"]

1.e4 e6 2.d4 d5 3.Bd3 dxe4 4.Bxe4 Nf6 5.Bf3 c5 6.Ne2 Nc6 7.Be3 Nd5 8.Bxd5 
Qxd5 9.Nbc3 Qd8 10.dxc5 Qxd1+ 11.Rxd1 Bd7 12.Nb5 O-O-O 13.c3 e5 14.O-O Be7
15.Nd6+ Bxd6 16.cxd6 Be6 17.b3 b6 18.Rd2 Rd7 19.c4 Kb7 20.Nc3 Rc8 21.Rfd1 
f5 22.f4 e4 23.Nb5 Nb4 24.Nc7 Bg8 25.c5 bxc5 26.Bxc5 Nd3 27.b4 Nxf4 28.Rf1
Ne6 29.Nxe6 Bxe6 30.g4 g6 31.g5 Rf8 32.Rf4 Rc8 33.Kf2 Rc6 34.Ke3 Ra6 35.
Rff2 Ra3+ 36.Kf4 Bc4 37.b5 Rd3 38.Rxd3 Bxd3 39.Rb2 Rd8 40.b6 a6 41.Ke5 Bb5
42.Be3 Bc6 43.Rc2 Re8+ 44.Kf6 Rd8 45.Rd2 Bb5 46.h4 Rd7 47.Ke6 f4 48.Bxf4 
Kxb6 49.Rb2 Kc6 50.Rc2+ Kb7 51.Rc5 Bc6 52.Rc3 Bb5 53.Be5 Kb6 54.Re3 Bc6 
55.Rb3+ Kc5 56.Rc3+ Kb6 57.Bd4+ Kb7 58.Bf6 Bb5 59.Rc5 Bc6 60.Be7 Kb6 61.
Re5 Kb7 62.a3 Kb6 63.Kf7 Rb7 64.Kg7 Bd7 65.Rxe4 Kc5 66.Kxh7 Bf5 67.d7+ 1-0

[Event "4th Essent op"]
[Site "Hoogeveen NED"]
[Date "2000.10.14"]
[Round "2.14"]
[White "Hendriks, Richard V"]
[Black "Van Kooten, Luuk"]
[Result "1/2-1/2"]
[WhiteElo "2098"]
[BlackElo "2292"]
[EventDate "2000.10.13"]
[PlyCount "38"]

1.e4 e5 2.a3 Nf6 3.Nc3 d5 4.exd5 Nxd5 5.Qh5 Nf6 6.Qxe5+ Be7 7.Bb5+ c6 8.
Bc4 O-O 9.Nge2 Ng4 10.Qe4 Bd6 11.d4 Qf6 12.Bf4 Bf5 13.Qf3 Bxf4 14.Qxf4 Qg6
15.O-O Bxc2 16.Qc7 b5 17.Ba2 Na6 18.Qg3 Rad8 19.d5 b4 1/2-1/2

[Event "4th Essent op"]
[Site "Hoogeveen NED"]
[Date "2000.10.14"]
[Round "2.16"]
[White "Van der Veen, Jan"]
[Black "Van Otten, Gerard J"]
[Result "1-0"]
[WhiteElo "2092"]
[BlackElo "2226"]
[EventDate "2000.10.13"]
[PlyCount "67"]

1.e4 c5 2.Nc3 Nc6 3.f4 g6 4.Bb5 Bg7 5.Bxc6 dxc6 6.Qe2 Nf6 7.Nf3 O-O 8.d3 
b6 9.O-O Ba6 10.Bd2 Ne8 11.Kh1 Nc7 12.f5 e5 13.a4 Qe7 14.b3 Rad8 15.Qf2 
Rd6 16.g4 Bc8 17.a5 Na6 18.Na4 Qc7 19.Be3 f6 20.fxg6 hxg6 21.Nh4 f5 22.
gxf5 Nb4 23.axb6 axb6 24.Nxb6 Qxb6 25.Bxc5 Qb8 26.Qg2 gxf5 27.Nxf5 Bxf5 
28.exf5 Rd5 29.Bxf8 Kxf8 30.f6 Bh8 31.Rg1 Kf7 32.Qg6+ Ke6 33.Qg4+ Kd6 34.
Qf5 1-0

[Event "4th Essent op"]
[Site "Hoogeveen NED"]
[Date "2000.10.14"]
[Round "2.17"]
[White "Shklovski, Vladislav"]
[Black "Gorecki, Zbigniew"]
[Result "1-0"]
[WhiteElo "2220"]
[BlackElo "2005"]
[EventDate "2000.10.13"]
[PlyCount "107"]

1.e4 c5 2.Nf3 Nc6 3.d4 cxd4 4.Nxd4 Nf6 5.Nc3 e5 6.Ndb5 d6 7.Nd5 Nxd5 8.
exd5 Nb8 9.Be3 Be7 10.Qd2 a6 11.Na3 O-O 12.Nc4 Nd7 13.Be2 f5 14.f4 exf4 
15.Bxf4 Nc5 16.Qa5 Qxa5+ 17.Nxa5 Bd7 18.Nc4 Ne4 19.Nb6 Rad8 20.O-O Be8 21.
c3 g5 22.Be3 Bg6 23.Bd4 Bf6 24.Bd3 Bxd4+ 25.cxd4 Rde8 26.Rac1 Kg7 27.Rc7+ 
Rf7 28.Rfc1 Ree7 29.Rxe7 Rxe7 30.Nc8 Rd7 31.Bxe4 fxe4 32.Kf2 Kf7 33.Nb6 
Re7 34.Ke3 Ke8 35.Nc8 Rd7 36.Nb6 Re7 37.Rc8+ Kf7 38.Rd8 Rc7 39.Rxd6 Rc2 
40.Rd7+ Ke8 41.Rxb7 Rxg2 42.d6 Bf5 43.Rb8+ Kf7 44.d7 Bxd7 45.Nxd7 Rxh2 46.
Kxe4 h5 47.Kf5 g4 48.Ne5+ Kg7 49.Rb7+ Kg8 50.Kg6 Kf8 51.Nd7+ Ke7 52.Nf6+ 
Kd8 53.Nxh5 Kc8 54.Rb3 1-0

[Event "4th Essent op"]
[Site "Hoogeveen NED"]
[Date "2000.10.14"]
[Round "2.18"]
[White "De Weerd, Warner"]
[Black "Timmermans, Ivo"]
[Result "1-0"]
[WhiteElo "2071"]
[BlackElo "2200"]
[EventDate "2000.10.13"]
[PlyCount "73"]

1.c4 Nf6 2.g3 e5 3.Bg2 Nc6 4.Nc3 Bb4 5.Nf3 O-O 6.O-O Bxc3 7.bxc3 e4 8.Ne1 
Re8 9.Nc2 b6 10.Ne3 Bb7 11.Qa4 d6 12.d4 Qd7 13.Qb5 h6 14.Re1 Na5 15.a4 Qc8
16.c5 Ba6 17.Qb4 Qe6 18.cxd6 cxd6 19.d5 Nxd5 20.Nxd5 Qxd5 21.Bf4 Nc4 22.
Rad1 Qc6 23.Bxd6 Rac8 24.Bf4 Na5 25.Rd6 Qxc3 26.Qxc3 Rxc3 27.Bd2 Rc6 28.
Rd7 Nb7 29.Bb4 Rc4 30.Rb1 Rd8 31.Re7 Rdd4 32.Re8+ Kh7 33.Bf8 Rxa4 34.e3 
Rdc4 35.Ra8 Rc2 36.Rxa7 Rc8 37.Rxa6 1-0

[Event "4th Essent op"]
[Site "Hoogeveen NED"]
[Date "2000.10.15"]
[Round "3.1"]
[White "Ulybin, Mikhail"]
[Black "Mikhalevski, Victor"]
[Result "1/2-1/2"]
[WhiteElo "2583"]
[BlackElo "2532"]
[EventDate "2000.10.13"]
[PlyCount "31"]

1.e4 e5 2.Nf3 Nc6 3.Bb5 a6 4.Ba4 Nf6 5.d3 d6 6.c4 Be7 7.Nc3 O-O 8.Bxc6 
bxc6 9.d4 Re8 10.dxe5 dxe5 11.Qxd8 Bxd8 12.Be3 Nd7 13.O-O-O Be7 14.Na4 Rb8
15.Ne1 Nb6 16.Nxb6 1/2-1/2

[Event "4th Essent op"]
[Site "Hoogeveen NED"]
[Date "2000.10.15"]
[Round "3.2"]
[White "Cifuentes Parada, Roberto"]
[Black "Epishin, Vladimir"]
[Result "1/2-1/2"]
[WhiteElo "2490"]
[BlackElo "2567"]
[EventDate "2000.10.13"]
[PlyCount "68"]

1.Nf3 g6 2.d4 Nf6 3.c4 Bg7 4.Nc3 d5 5.Bg5 Ne4 6.Bh4 Nxc3 7.bxc3 dxc4 8.
Qa4+ Nd7 9.e3 O-O 10.Qxc4 c5 11.Bd3 cxd4 12.cxd4 Qa5+ 13.Ke2 e5 14.Qb5 
Qxb5 15.Bxb5 exd4 16.Nxd4 a6 17.Bc4 Nb6 18.Bb3 Bd7 19.Rac1 Rfc8 20.Rxc8+ 
Rxc8 21.Rb1 Kf8 22.Bg3 Ke7 23.Kd3 Bxd4 24.Kxd4 Bb5 25.e4 Na4 26.Bh4+ f6 
27.f3 Rd8+ 28.Bd5 Nb6 29.Re1 Bc6 30.Bg3 Nxd5 31.exd5+ Kf7 32.d6 Re8 33.Kc5
Rxe1 34.Bxe1 Ke8 1/2-1/2

[Event "4th Essent op"]
[Site "Hoogeveen NED"]
[Date "2000.10.15"]
[Round "3.3"]
[White "Kharitonov, Andrei Y"]
[Black "Jonkman, Harmen"]
[Result "1-0"]
[WhiteElo "2539"]
[BlackElo "2424"]
[EventDate "2000.10.13"]
[PlyCount "91"]

1.c4 Nf6 2.d4 e6 3.Nc3 d5 4.cxd5 exd5 5.Bg5 c6 6.e3 Be7 7.Qc2 O-O 8.Bd3 
Nbd7 9.Nf3 Re8 10.O-O Nf8 11.Ne5 Ng6 12.Rae1 Ne4 13.Bxe7 Qxe7 14.Nxe4 Nxe5
15.dxe5 dxe4 16.Bxe4 h6 17.f4 Be6 18.a3 a5 19.Qc3 a4 20.Bc2 Qc7 21.f5 Bd5 
22.e6 fxe6 23.e4 Ba2 24.Ra1 Bb3 25.f6 Rf8 26.Bxb3 Qb6+ 27.Kh1 Qxb3 28.Qe5 
Rad8 29.h3 Rf7 30.fxg7 Rxg7 31.Rf3 Rd1+ 32.Rxd1 Qxd1+ 33.Kh2 Qd7 34.Rf6 
Qc7 35.Qxc7 Rxc7 36.Rxh6 Rd7 37.Rxe6 Rd2 38.Re7 Rxb2 39.Rc7 Kf8 40.h4 Ke8 
41.h5 Kf8 42.e5 Rb5 43.h6 Rxe5 44.h7 Rh5+ 45.Kg1 b5 46.g4 1-0

[Event "4th Essent op"]
[Site "Hoogeveen NED"]
[Date "2000.10.15"]
[Round "3.4"]
[White "Van der Wiel, John"]
[Black "Tiviakov, Sergei"]
[Result "1/2-1/2"]
[WhiteElo "2531"]
[BlackElo "2608"]
[EventDate "2000.10.13"]
[PlyCount "56"]

1.e4 c5 2.Nf3 Nc6 3.d4 cxd4 4.Nxd4 g6 5.c4 Nf6 6.Nc3 d6 7.Be2 Nxd4 8.Qxd4 
Bg7 9.Bg5 O-O 10.Qd2 Be6 11.Rc1 Qa5 12.f3 Rfc8 13.b3 a6 14.Na4 Qxd2+ 15.
Kxd2 Nd7 16.g4 f6 17.Be3 f5 18.exf5 gxf5 19.h3 Rf8 20.f4 Nf6 21.Rhg1 Rad8 
22.Bb6 Rc8 23.Bf3 fxg4 24.hxg4 Nd7 25.Rce1 Rxf4 26.Bxb7 Rb8 27.Rxe6 Nxb6 
28.Nxb6 Rxb7 1/2-1/2

[Event "4th Essent op"]
[Site "Hoogeveen NED"]
[Date "2000.10.15"]
[Round "3.5"]
[White "Dvoirys, Semen I"]
[Black "Ernst, Sipke"]
[Result "1-0"]
[WhiteElo "2562"]
[BlackElo "2373"]
[EventDate "2000.10.13"]
[PlyCount "45"]

1.e4 e5 2.Nf3 Nc6 3.Bb5 a6 4.Ba4 Nf6 5.O-O Nxe4 6.d4 b5 7.Bb3 d5 8.dxe5 
Be6 9.Nbd2 Bc5 10.Qe1 Nxd2 11.Qxd2 Qd7 12.Qg5 O-O 13.Be3 Be7 14.Qg3 f6 15.
Bh6 Bc5 16.Rae1 Nd4 17.Nxd4 Bxd4 18.c3 Bb6 19.exf6 Rxf6 20.Rxe6 Rxe6 21.
Bxd5 Re8 22.Re1 g6 23.Rxe6 1-0

[Event "4th Essent op"]
[Site "Hoogeveen NED"]
[Date "2000.10.15"]
[Round "3.7"]
[White "Visser, Yge"]
[Black "Pel, Bonno"]
[Result "1-0"]
[WhiteElo "2418"]
[BlackElo "2300"]
[EventDate "2000.10.13"]
[PlyCount "53"]

1.e4 d6 2.d4 Nf6 3.Nc3 g6 4.Bg5 c6 5.f4 Bg7 6.h3 O-O 7.g4 Qa5 8.Qd2 e5 9.
dxe5 dxe5 10.f5 Rd8 11.Bd3 b5 12.Nf3 Nbd7 13.O-O b4 14.Nd1 Nc5 15.Nf2 Nxd3
16.cxd3 Qb5 17.Rac1 Ba6 18.b3 Rd6 19.Rc4 Rb8 20.Rfc1 gxf5 21.gxf5 h6 22.
Be3 Qb7 23.Bc5 Rdd8 24.Rxb4 Bb5 25.Nxe5 a5 26.Rd4 Re8 27.Nfg4 1-0

[Event "4th Essent op"]
[Site "Hoogeveen NED"]
[Date "2000.10.15"]
[Round "3.8"]
[White "Markus, John Raymond"]
[Black "Hommeles, Theo"]
[Result "0-1"]
[WhiteElo "2238"]
[BlackElo "2409"]
[EventDate "2000.10.13"]
[PlyCount "66"]

1.d4 g6 2.e4 Bg7 3.Nc3 c6 4.Be3 d6 5.Qd2 b5 6.Bd3 Nd7 7.Nf3 Qc7 8.O-O a6 
9.Rfe1 e5 10.dxe5 dxe5 11.b4 Ngf6 12.a4 Bb7 13.Bh6 O-O 14.Bxg7 Kxg7 15.Ne2
c5 16.Ng3 c4 17.Bf1 Rfd8 18.Qg5 Ng8 19.h4 f6 20.Qc1 Nf8 21.h5 Ne6 22.Nh2 
Nh6 23.c3 Nf4 24.hxg6 hxg6 25.Qe3 Qc6 26.axb5 axb5 27.Rxa8 Rxa8 28.Rd1 Ra2
29.f3 Bc8 30.Rd2 Ra1 31.Kf2 Nf7 32.Nh1 Nd3+ 33.Bxd3 Rxh1 0-1

[Event "4th Essent op"]
[Site "Hoogeveen NED"]
[Date "2000.10.15"]
[Round "3.11"]
[White "Aagaard, Jacob"]
[Black "Van der Veen, Jan"]
[Result "1-0"]
[WhiteElo "2389"]
[BlackElo "2092"]
[EventDate "2000.10.13"]
[PlyCount "65"]

1.e4 e5 2.Nf3 Nc6 3.Bb5 Nf6 4.O-O Nxe4 5.d4 a6 6.Ba4 b5 7.Bb3 d5 8.dxe5 
Be6 9.Be3 Be7 10.Nbd2 O-O 11.Re1 Nc5 12.Ng5 Nxb3 13.Nxe6 fxe6 14.Nxb3 Qe8 
15.Bc5 Bxc5 16.Nxc5 Qe7 17.Nd3 Na5 18.b4 Nb7 19.Qg4 a5 20.a3 axb4 21.axb4 
Ra4 22.c3 Rfa8 23.Rac1 c5 24.h4 Rf8 25.Re3 Rf5 26.Nf4 Qf7 27.Nxd5 Kh8 28.
Nb6 Ra2 29.Re2 Rxf2 30.Rxa2 Rxa2 31.Rf1 Qg8 32.Nd7 Ra8 33.bxc5 1-0